000 01029cam a2200193 4500
001 ABS65382
008 020508n2002 000 0 eng u
035 _a(Sirsi) u117875
100 _aJones, S
245 _aChoosing data storage technologies
260 _c2002
490 _aFacilities Management
_v 9(7) April 2002, 18-19(2)
520 _aReview of data storage technologies. Recommends facilities managers stay closely involved with installation of new data storage technology, as if a building does not have cable infrastructure to support new technology, such as fibre channels, it will generally be inexpensive to wire up direct connections between devices to create a Storage Area Network(SAN). Each specific solution must be designed and implemented for each single infrastructure. More information available from Fibre Channel Industry Association at http://www.fibrechannel-europe.com
590 _aABS
650 _aIT
650 _aDATA STORAGE
690 _aMANAGEMENT-FACILITIES MANAGEMENT
942 _n0
999 _c70198
_d70198